000 01235cam a2200337 i 4500
001 1744080
003 OSt
005 20230629140422.0
008 760817s1975 it b 000 0 eng
010 _a 75018519
015 _aIt76-Feb.
020 _a0379002132 (Oceana):
_cL15000
040 _aDLC
_cDLC
_dDLC
041 0 _aeng
_bfre
050 0 0 _aK133
_b.C37 1975
082 0 0 _a347.01
_bCAP
100 1 _aCappelletti, Mauro.
245 1 0 _aToward equal justice :
_ba comparative study of legal aid in modern societies : (text and materials) /
_cMauro Cappelletti, James Gordley, & Earl Johnson ; with original contributions by P. O. Bolding ... [et al.] ; general editor of materials, Vincenzo Varano.
260 _aMilano :
_bA. Giuffrè ;
_aDobbs Ferry, N.Y. :
_bOceana,
_c1975.
300 _axxvi, 756 p. ;
_c24 cm.
490 0 _aStudies in comparative law ; 13
500 _aSummary in French.
504 _aBibliography: p. [727]-743.
650 0 _aLegal aid.
650 0 _aLegal assistance to the poor.
700 1 _aGordley, James,
_ejoint author.
700 1 _aJohnson, Earl,
_d1933-
_ejoint author.
906 _a7
_bcbc
_corignew
_d2
_eocip
_f19
_gy-gencatlg
942 _2ddc
_cBK
999 _c3095
_d3095